00522nam a2200169Ia 4500008004000000020001800040082001600058100001800074245003300092260004000125300001100165650002100176690001100197906001100208999001700219952011600236210210b1960 xxu||||| |||| 00| 0 eng d a0 471 02315 9 a581.16 ALLP aALLARD (R W). aPrinciples of plant breeding aNew YorkbJohn Wiley and Sonsc1960 axi,485 aPlant Breeding  aBotany a046934 c96354d96354 00102ddc40708BOTaALbALcSKd2021-02-17g0.00l0o581.16 ALLPp046934r2021-02-17 00:00:00w2021-02-17yBK